[Event "18th Neckar Open 2014"]
[Site "Deizisau GER"]
[Date "2014.04.17"]
[Round "1.1"]
[White "Naiditsch, Arkadij"]
[Black "Marquardt, Alexander"]
[Result "1-0"]
[WhiteTitle "GM"]
[WhiteElo "2706"]
[BlackElo "2108"]
[WhiteFideId "4650891"]
[BlackFideId "24646504"]
[EventDate "2014.04.17"]

1. e4 c5 2. Nf3 e6 3. d4 cxd4 4. Nxd4 Qb6 5. c3 Nc6 6. Nxc6 bxc6 7. e5 Bc5 8.
Qf3 f6 9. Nd2 Ba6 10. Bxa6 Qxa6 11. Ne4 Be7 12. Bf4 O-O-O 13. Rd1 f5 14. Nd6+
Bxd6 15. Rxd6 h6 16. b3 Ne7 17. Bd2 g5 18. c4 Ng6 19. Qc3 Qa3 20. O-O f4 21. Bc1
Qc5 22. Bb2 Ne7 23. b4 Qb6 24. a4 Nf5 25. Rd3 Rhf8 26. c5 Qb7 27. Qc4 Ne7 28.
Rb3 Nd5 29. b5 Rde8 30. Bd4 Kd8 31. Qd3 f3 32. g3 Rf5 33. Rfb1 Ke7 34. Kf1 h5
35. a5 1-0

[Event "18th Neckar Open 2014"]
[Site "Deizisau GER"]
[Date "2014.04.17"]
[Round "1.2"]
[White "Hansch, Torsten"]
[Black "Rapport, Richard"]
[Result "0-1"]
[WhiteTitle "CM"]
[BlackTitle "GM"]
[WhiteElo "2107"]
[BlackElo "2698"]
[WhiteFideId "4622600"]
[BlackFideId "738590"]
[EventDate "2014.04.17"]

1. d4 d6 2. c4 g6 3. Nc3 Bg7 4. e4 Nf6 5. f3 O-O 6. Be3 b6 7. Bd3 c5 8. Nge2 Nc6
9. O-O Ng4 10. fxg4 cxd4 11. Nxd4 Nxd4 12. Rf2 Nc6 13. Be2 Bxc3 14. bxc3 Ne5 15.
Bh6 Re8 16. Qd4 Be6 17. Raf1 Rc8 18. h3 Rc5 19. g5 Qc7 0-1

[Event "18th Neckar Open 2014"]
[Site "Deizisau GER"]
[Date "2014.04.17"]
[Round "1.3"]
[White "Laznicka, Viktor"]
[Black "Stadler, Alexander"]
[Result "1-0"]
[WhiteTitle "GM"]
[WhiteElo "2673"]
[BlackElo "2106"]
[WhiteFideId "316385"]
[BlackFideId "24683604"]
[EventDate "2014.04.17"]

1. d4 d5 2. c4 e6 3. Nc3 Nf6 4. cxd5 exd5 5. Bg5 Be7 6. e3 c6 7. Bd3 Nbd7 8. Qc2
Nh5 9. Bxe7 Qxe7 10. Nge2 g6 11. g4 Ng7 12. O-O-O Nb6 13. h3 Be6 14. Kb1 O-O 15.
Rdg1 Nc4 16. h4 f5 17. gxf5 Bxf5 18. e4 Be6 19. Bxc4 dxc4 20. f4 Kh8 21. Rg5
Rad8 22. Rhg1 Bc8 1-0

[Event "18th Neckar Open 2014"]
[Site "Deizisau GER"]
[Date "2014.04.17"]
[Round "1.4"]
[White "van der Valk, Niklas"]
[Black "Iturrizaga Bonelli, Eduardo"]
[Result "0-1"]
[BlackTitle "GM"]
[WhiteElo "2104"]
[BlackElo "2635"]
[WhiteFideId "24651931"]
[BlackFideId "3901211"]
[EventDate "2014.04.17"]

1. d4 Nf6 2. c4 c5 3. d5 b5 4. cxb5 a6 5. b6 d6 6. Nc3 Nbd7 7. e4 g6 8. Nf3 Bg7
9. Bd3 O-O 10. O-O Rb8 11. Qc2 Nxb6 12. Re1 Ne8 13. Bf4 Nc7 14. Rad1 Bg4 15. Bf1
Nd7 16. Rd2 Bxf3 17. gxf3 Ne5 0-1

[Event "18th Neckar Open 2014"]
[Site "Deizisau GER"]
[Date "2014.04.17"]
[Round "1.5"]
[White "Ivanisevic, Ivan"]
[Black "Rombach, Michael"]
[Result "1-0"]
[WhiteTitle "GM"]
[WhiteElo "2624"]
[BlackElo "2103"]
[WhiteFideId "912417"]
[BlackFideId "24613819"]
[EventDate "2014.04.17"]

1. d4 Nf6 2. c4 g6 3. f3 Bg7 4. e4 d6 5. Ne2 O-O 6. Be3 c5 7. Qd2 Nc6 8. d5 Na5
9. Nec3 a6 10. Na3 Nxc4 11. Bxc4 b5 12. Be2 b4 13. Nc4 bxc3 14. bxc3 Rb8 15. O-O
Qc7 16. a4 a5 17. Na3 Bd7 18. Nb5 Qb6 19. Rab1 Rfd8 20. Rfd1 Ne8 21. Na3 Qa7 22.
Bb5 e6 23. dxe6 Bxe6 24. Bg5 Rdc8 25. Bf4 Be5 26. Bxe5 dxe5 27. Bc4 Qe7 28. Bxe6
Qxe6 29. Qd5 Nc7 30. Qxe6 Nxe6 31. Nc4 f6 32. Rb5 Nf4 33. Kf1 Rd8 1-0

[Event "18th Neckar Open 2014"]
[Site "Deizisau GER"]
[Date "2014.04.17"]
[Round "1.6"]
[White "Ehmann, Thilo"]
[Black "Vovk, Andrey"]
[Result "1/2-1/2"]
[BlackTitle "GM"]
[WhiteElo "1930"]
[BlackElo "2610"]
[WhiteFideId "12940968"]
[BlackFideId "14114470"]
[EventDate "2014.04.17"]

1. e4 c5 2. Nf3 d6 3. d4 cxd4 4. Nxd4 Nf6 5. Nc3 Nc6 6. f3 e5 7. Nb3 Be6 8. Be3
Be7 9. Qd2 O-O 10. O-O-O a5 11. a4 Nb4 12. g4 Qc7 13. g5 Nd7 14. Kb1 Nb6 15.
Bxb6 Qxb6 16. Bb5 Rac8 17. Rc1 Rc7 18. Nd5 Nxd5 19. exd5 Bf5 20. Ka2 1/2-1/2

[Event "18th Neckar Open 2014"]
[Site "Deizisau GER"]
[Date "2014.04.17"]
[Round "1.7"]
[White "Bachmann, Axel"]
[Black "Hentze, Markus"]
[Result "1-0"]
[WhiteTitle "GM"]
[WhiteElo "2598"]
[BlackElo "2101"]
[WhiteFideId "3700488"]
[BlackFideId "4670922"]
[EventDate "2014.04.17"]

1. Nf3 d5 2. g3 Nf6 3. Bg2 c6 4. O-O e6 5. b3 Be7 6. Bb2 Nbd7 7. c4 O-O 8. d3 b6
9. e4 Bb7 10. Nc3 Rc8 11. Qe2 a6 12. e5 Ne8 13. d4 Nc7 14. h4 c5 15. Rad1 dxc4
16. bxc4 cxd4 17. Rxd4 Bc5 18. Rd3 Qe7 19. Rfd1 Nb8 20. Ne4 Bxe4 21. Qxe4 Rcd8
22. Ng5 1-0

[Event "18th Neckar Open 2014"]
[Site "Deizisau GER"]
[Date "2014.04.17"]
[Round "1.8"]
[White "Kill, Matthias"]
[Black "Piorun, Kacper"]
[Result "0-1"]
[BlackTitle "GM"]
[WhiteElo "2101"]
[BlackElo "2580"]
[WhiteFideId "4646398"]
[BlackFideId "1130420"]
[EventDate "2014.04.17"]

1. Nf3 g6 2. d4 Nf6 3. c4 Bg7 4. Nc3 O-O 5. e4 c6 6. Bd3 d6 7. O-O Nbd7 8. Rb1
e5 9. d5 Nh5 10. g3 Nc5 11. Nh4 Nf4 12. Bc2 cxd5 13. Nxd5 Nxd5 14. cxd5 a5 15.
Be3 b5 16. b4 0-1

[Event "18th Neckar Open 2014"]
[Site "Deizisau GER"]
[Date "2014.04.17"]
[Round "1.9"]
[White "Kunin, Vitaly"]
[Black "Zweschper, Erich"]
[Result "1-0"]
[WhiteTitle "GM"]
[WhiteElo "2554"]
[BlackElo "2101"]
[WhiteFideId "4128737"]
[BlackFideId "4643119"]
[EventDate "2014.04.17"]

1. d4 d5 2. c4 e6 3. Nc3 Nf6 4. Bg5 Be7 5. e3 Nbd7 6. Nf3 O-O 7. Qc2 b6 8. cxd5
exd5 9. Bd3 h6 10. Bf4 c5 11. O-O Bb7 12. h3 a6 13. a4 Re8 14. Rad1 Qc8 15. Bf5
Bc6 16. Ne5 Qb7 1-0

[Event "18th Neckar Open 2014"]
[Site "Deizisau GER"]
[Date "2014.04.17"]
[Round "1.10"]
[White "Jerie, Sven"]
[Black "Brunello, Sabino"]
[Result "0-1"]
[BlackTitle "GM"]
[WhiteElo "2082"]
[BlackElo "2575"]
[WhiteFideId "24685259"]
[BlackFideId "813613"]
[EventDate "2014.04.17"]

1. e4 c5 2. Nf3 e6 3. d4 cxd4 4. Nxd4 a6 5. Bd3 Bc5 6. Nb3 Be7 7. Qg4 g6 8. Qe2
d6 9. O-O Nc6 10. Be3 Nf6 11. Na3 Ne5 12. f4 Nxd3 13. cxd3 b5 14. Nd4 Bb7 15.
Nac2 Qd7 16. a4 bxa4 17. Na3 O-O 18. Nc4 Bd8 19. Nf3 d5 0-1

[Event "18th Neckar Open 2014"]
[Site "Deizisau GER"]
[Date "2014.04.17"]
[Round "1.11"]
[White "Epishin, Vladimir"]
[Black "Pietzsch, Manuel"]
[Result "1-0"]
[WhiteTitle "GM"]
[WhiteElo "2546"]
[BlackElo "2095"]
[WhiteFideId "4162714"]
[BlackFideId "4660404"]
[EventDate "2014.04.17"]

1. d4 Nf6 2. c4 c5 3. d5 b5 4. cxb5 a6 5. b6 Qxb6 6. Nc3 g6 7. e4 d6 8. Nf3 Bg7
9. Nd2 Nbd7 10. Be2 O-O 11. Nc4 Qc7 12. Qc2 Nb6 13. a4 a5 14. Nb5 Qb8 15. Rb1 e6
16. dxe6 Bxe6 17. b3 d5 18. Bb2 Rc8 19. Bf3 dxc4 20. bxc4 1-0

[Event "18th Neckar Open 2014"]
[Site "Deizisau GER"]
[Date "2014.04.17"]
[Round "1.12"]
[White "Movileanu, Daniela"]
[Black "Bluebaum, Matthias"]
[Result "0-1"]
[BlackTitle "IM"]
[WhiteElo "2094"]
[BlackElo "2525"]
[WhiteFideId "873349"]
[BlackFideId "24651516"]
[EventDate "2014.04.17"]

1. e4 e6 2. d4 d5 3. Nd2 c5 4. exd5 Qxd5 5. Ngf3 cxd4 6. Bc4 Qd8 7. O-O Nc6 8.
Qe2 a6 9. a4 Na5 10. Rd1 Nf6 11. Nb3 Nxc4 12. Qxc4 Bd7 13. Qxd4 0-1

[Event "18th Neckar Open 2014"]
[Site "Deizisau GER"]
[Date "2014.04.17"]
[Round "1.13"]
[White "Heimann, Andreas"]
[Black "Richter, Gerald"]
[Result "1-0"]
[WhiteTitle "IM"]
[WhiteElo "2522"]
[BlackElo "2094"]
[WhiteFideId "24624632"]
[BlackFideId "200549"]
[EventDate "2014.04.17"]

1. d4 Nf6 2. c4 e6 3. Nf3 b6 4. g3 Ba6 5. Qc2 Bb4+ 6. Bd2 Be7 7. e4 d6 8. Bg2
Bb7 9. Nc3 Nfd7 10. O-O O-O 11. d5 a5 12. a3 Na6 13. Rab1 Re8 14. Nd4 Bf6 15.
Ncb5 Bxd4 16. Nxd4 e5 17. Nb5 Nf8 18. b4 c6 1-0

[Event "18th Neckar Open 2014"]
[Site "Deizisau GER"]
[Date "2014.04.17"]
[Round "1.14"]
[White "Bluhm, Sonja Maria"]
[Black "Nikolov, Momchil"]
[Result "0-1"]
[BlackTitle "GM"]
[WhiteElo "2082"]
[BlackElo "2515"]
[WhiteFideId "24654027"]
[BlackFideId "2905710"]
[EventDate "2014.04.17"]

1. e4 c5 2. Nf3 e6 3. d4 cxd4 4. Nxd4 a6 5. Bd3 Qb6 6. Nb3 Qc7 7. O-O Nf6 8. c4
b6 9. Qe2 d6 10. Nc3 Bb7 11. f4 Nbd7 12. Be3 Be7 13. Bd4 Nc5 14. Nxc5 bxc5 15.
Bf2 Nd7 16. Rae1 Bf6 17. Bg3 Bd4+ 18. Kh1 e5 19. Nd5 Bxd5 20. exd5 O-O 21. Qc2
h6 22. Bh4 exf4 0-1

[Event "18th Neckar Open 2014"]
[Site "Deizisau GER"]
[Date "2014.04.18"]
[Round "2.1"]
[White "Van Ketel, Raoul"]
[Black "Naiditsch, Arkadij"]
[Result "0-1"]
[WhiteTitle "FM"]
[BlackTitle "GM"]
[WhiteElo "2246"]
[BlackElo "2706"]
[WhiteFideId "1004883"]
[BlackFideId "4650891"]
[EventDate "2014.04.17"]

1. d4 Nf6 2. c4 e6 3. Nc3 Bb4 4. f3 O-O 5. a3 Bxc3+ 6. bxc3 Nh5 7. g3 f5 8. e4
d6 9. exf5 exf5 10. Nh3 Nd7 11. Bd3 Re8+ 12. Kf2 Ndf6 13. Qc2 Qe7 14. Kg2 Bd7
15. Bd2 Qf7 16. Rae1 h6 17. Rhf1 Kh8 18. Bxf5 Bxf5 19. Qxf5 g5 20. Nf2 Ng7 21.
Qd3 Rf8 22. Ng4 Nxg4 23. fxg4 Qg8 24. d5 Qh7 25. Qxh7+ Kxh7 26. Be3 Rxf1 27.
Rxf1 Re8 28. Bd4 Re2+ 29. Kg1 Ne8 30. Rf8 c5 31. dxc6 bxc6 32. c5 a6 33. Kf1 Re6
34. Kg2 dxc5 35. Bxc5 Nf6 36. Bd4 Nxg4 37. h3 Ne3+ 38. Kf3 Nc2 39. Ra8 Nxa3 40.
Ra7+ Kg8 41. Rxa6 Nb5 42. Ra8+ Kf7 43. Bh8 h5 44. Rc8 Na3 45. Rc7+ Kg6 46. Rg7+
Kh6 47. Rc7 Nc2 48. Kf2 Ne1 49. Bd4 Kg6 50. Rg7+ Kh6 51. Rc7 g4 52. hxg4 hxg4
53. Be3+ Kg6 54. Rd7 Nc2 55. Bf4 Na3 56. Rd8 Kf5 57. Rg8 Nb5 58. Rg5+ Ke4 59.
Rxg4 Kd3 60. Rg8 Nxc3 61. Rd8+ Kc2 62. Kf3 Nb5 63. g4 c5 64. Rc8 Nd4+ 65. Kg3
Nc6 66. g5 c4 67. Kg4 c3 68. Kh5 Ne7 69. Rc5 Ng6 70. Bc7 Kb3 71. Bd8 Nf4+ 72.
Kg4 Nd3 73. Rc8 c2 74. Bf6 Re4+ 75. Kf5 Rf4+ 76. Ke6 Rc4 0-1

[Event "18th Neckar Open 2014"]
[Site "Deizisau GER"]
[Date "2014.04.18"]
[Round "2.2"]
[White "Rapport, Richard"]
[Black "Mueller, Maximilian"]
[Result "1-0"]
[WhiteTitle "GM"]
[BlackTitle "FM"]
[WhiteElo "2698"]
[BlackElo "2239"]
[WhiteFideId "738590"]
[BlackFideId "4644751"]
[EventDate "2014.04.17"]

1. Nc3 e5 2. Nf3 Nc6 3. d4 exd4 4. Nxd4 d6 5. e4 g6 6. Nd5 Bd7 7. h4 Bg7 8. Nb5
Rc8 9. Bg5 f6 10. Be3 Nge7 11. h5 Nxd5 12. Qxd5 Ne7 13. Qb3 a6 14. Nc3 gxh5 15.
Bc4 Kf8 16. O-O-O b5 17. Be2 Bg4 18. f3 Bd7 19. f4 Be8 20. Bxh5 Ng6 21. e5 Bf7
22. e6 Be8 23. Bxg6 Bxg6 24. Nd5 Ke8 25. f5 Bxf5 26. Bh6 Bxh6+ 27. Rxh6 c6 28.
e7 Qa5 29. Nxf6+ Kxe7 30. Qe3+ Kf7 31. Nd7 Qd8 32. Rf6+ Qxf6 33. Nxf6 Kxf6 34.
Rxd6+ Kg7 35. Qe5+ 1-0

[Event "18th Neckar Open 2014"]
[Site "Deizisau GER"]
[Date "2014.04.18"]
[Round "2.3"]
[White "Hasenohr, Benedict"]
[Black "Laznicka, Viktor"]
[Result "0-1"]
[BlackTitle "GM"]
[WhiteElo "2240"]
[BlackElo "2673"]
[WhiteFideId "1303309"]
[BlackFideId "316385"]
[EventDate "2014.04.17"]

1. d4 d5 2. c4 dxc4 3. Nc3 Nf6 4. e3 a6 5. Bxc4 e6 6. Nf3 b5 7. Bb3 Bb7 8. O-O
c5 9. Qe2 Nbd7 10. Bc2 Rc8 11. a3 cxd4 12. exd4 Be7 13. Qd3 Nd5 14. Bd2 N7f6 15.
Rae1 Nxc3 16. Bxc3 Qd5 17. Re5 Qc4 18. Qd1 Nd5 19. Re3 Nxe3 20. fxe3 Bxf3 21.
Rxf3 O-O 22. Rh3 g6 23. Bb3 Qc7 24. d5 e5 25. Qf3 Bd6 26. Rh4 Qe7 27. Qh3 f5 28.
Bd1 Rf7 29. g4 f4 30. g5 Qxg5+ 31. Kh1 Rxc3 32. bxc3 f3 33. Bxf3 Rxf3 0-1

[Event "18th Neckar Open 2014"]
[Site "Deizisau GER"]
[Date "2014.04.18"]
[Round "2.4"]
[White "Iturrizaga Bonelli, Eduardo"]
[Black "Offringa, Joost"]
[Result "1/2-1/2"]
[WhiteTitle "GM"]
[WhiteElo "2635"]
[BlackElo "2238"]
[WhiteFideId "3901211"]
[BlackFideId "1025880"]
[EventDate "2014.04.17"]

1. Nf3 f5 2. d4 Nf6 3. Bg5 e6 4. c4 Bb4+ 5. Nbd2 O-O 6. h3 h6 7. Bxf6 Qxf6 8. a3
Bxd2+ 9. Qxd2 b6 10. g4 Bb7 11. Bg2 Be4 12. Rg1 fxg4 13. hxg4 Nc6 14. Rd1 e5 15.
g5 hxg5 16. Qe3 Qf4 17. Nxe5 Bxg2 18. Rxg2 Qxe3 19. fxe3 Nxe5 20. dxe5 Rf7 21.
Rxg5 Re8 22. Rd4 Re6 23. Kd2 Kf8 24. Kd3 Rh6 25. Rf4 Rh1 26. Rg2 Rd1+ 27. Kc2
Rf1 28. Rgg4 Rh1 29. Rf3 Rh2 30. Rgf4 Rxf4 31. Rxf4+ Ke7 32. Kd3 Rh1 33. c5 Rd1+
34. Kc2 Rd5 35. cxb6 cxb6 36. Rg4 Kf7 37. Rg5 Rc5+ 38. Kd3 Rd5+ 39. Kc3 Rc5+ 40.
Kb3 Rb5+ 41. Kc3 Rc5+ 42. Kd2 d6 43. e6+ Kf6 44. e7 Rc8 45. Rg2 Re8 46. e4 Rxe7
47. Kd3 Rc7 48. Rf2+ Ke6 49. Rf8 Ke7 50. Ra8 g5 51. b4 Kf7 52. Rh8 Rc1 53. Rh7+
Kf6 54. Rxa7 g4 55. Ke3 Rf1 56. Rd7 g3 57. Rxd6+ Kf7 58. Rd7+ Kf8 59. Rd8+ Kf7
60. Rd7+ Kf8 61. Rd8+ 1/2-1/2

[Event "18th Neckar Open 2014"]
[Site "Deizisau GER"]
[Date "2014.04.18"]
[Round "2.5"]
[White "Wisnet, Dominic"]
[Black "Ivanisevic, Ivan"]
[Result "0-1"]
[BlackTitle "GM"]
[WhiteElo "2166"]
[BlackElo "2624"]
[WhiteFideId "24629200"]
[BlackFideId "912417"]
[EventDate "2014.04.17"]

1. e4 c5 2. Nf3 e6 3. d4 cxd4 4. Nxd4 Nc6 5. Nc3 Qc7 6. Be3 a6 7. Qd2 Nf6 8.
O-O-O Bb4 9. Nxc6 bxc6 10. Qd4 c5 11. Qc4 Ng4 12. a3 Nxe3 13. fxe3 Ba5 14. Na4
d6 15. e5 d5 16. Qxc5 Qxc5 17. Nxc5 Bb6 18. b4 Ke7 19. Kd2 Bc7 20. Nd3 Bd7 21.
Be2 Bb5 22. Bf3 a5 23. Rb1 axb4 24. axb4 Ra3 25. Ra1 Rha8 26. Rxa3 Rxa3 27. Be2
g6 28. h3 Bxd3 29. Bxd3 Bxe5 30. Rb1 Bc7 31. b5 Ba5+ 32. Ke2 Bb6 33. Rb3 Rxb3
34. cxb3 f5 35. g4 Kf6 36. gxf5 gxf5 37. Kf3 e5 38. Bc2 e4+ 39. Ke2 Kg5 40. b4
Kh4 41. Bb3 Kxh3 42. Bxd5 Kg4 43. Be6 h5 44. Kf2 h4 45. Bc4 h3 46. Be2+ Kh4 47.
Bf1 f4 48. Kg1 Kg3 49. Bc4 fxe3 0-1

[Event "18th Neckar Open 2014"]
[Site "Deizisau GER"]
[Date "2014.04.18"]
[Round "2.6"]
[White "Beyer, Christian"]
[Black "Bachmann, Axel"]
[Result "0-1"]
[WhiteTitle "FM"]
[BlackTitle "GM"]
[WhiteElo "2222"]
[BlackElo "2598"]
[WhiteFideId "4635450"]
[BlackFideId "3700488"]
[EventDate "2014.04.17"]

1. e4 c5 2. Nf3 e6 3. d4 cxd4 4. Nxd4 a6 5. Bd3 Nf6 6. O-O d6 7. c4 Be7 8. Nc3
O-O 9. b3 Nc6 10. Nxc6 bxc6 11. Bb2 e5 12. Qe2 Qc7 13. Rac1 Bg4 14. Qe3 Nd7 15.
Be2 Be6 16. Nd5 Qd8 17. Nxe7+ Qxe7 18. c5 d5 19. exd5 Bxd5 20. f4 f6 21. Rfe1
Rfe8 22. Bh5 g6 23. Bg4 Ra7 24. h3 e4 25. Qd4 Kf7 26. Re3 a5 27. Be2 Nf8 28. f5
Nd7 29. Bc4 gxf5 30. Bxd5+ cxd5 31. Qxd5+ Qe6 32. Qd1 f4 33. Qh5+ Kg8 34. Re2
Nf8 35. Rc4 f5 36. c6 Ng6 37. c7 Rxc7 38. Rxc7 Qb6+ 39. Kh1 Qxc7 40. Qxf5 e3 41.
Rc2 e2 0-1

[Event "18th Neckar Open 2014"]
[Site "Deizisau GER"]
[Date "2014.04.18"]
[Round "2.7"]
[White "Piorun, Kacper"]
[Black "Henrich, Thomas"]
[Result "1-0"]
[WhiteTitle "GM"]
[WhiteElo "2580"]
[BlackElo "2221"]
[WhiteFideId "1130420"]
[BlackFideId "4640993"]
[EventDate "2014.04.17"]

1. e4 e6 2. d4 d5 3. Nd2 Nc6 4. Ngf3 Nf6 5. e5 Nd7 6. Nb3 a5 7. a4 b6 8. Bb5 Na7
9. Be2 Bb7 10. O-O Qe7 11. Bg5 f6 12. Bh4 O-O-O 13. Nc1 Qf7 14. Nd3 g5 15. Bg3
g4 16. Nfe1 f5 17. f3 gxf3 18. Nxf3 Bh6 19. Bf4 Bxf4 20. Nxf4 Rdg8 21. Qd2 Nc6
22. c3 Rg7 23. b4 Rhg8 24. Rf2 Qe7 25. Rb1 Ndb8 26. Ne1 Qg5 27. Nc2 Qh6 28. Qe3
Rg5 29. Bf3 Nd7 30. Ne1 Nf8 31. Re2 Kd7 32. b5 Nd8 33. Ned3 Ng6 34. Nh3 f4 35.
Ndxf4 Nxf4 36. Nxf4 Rf5 37. Nd3 Qg6 38. Rf1 Nf7 39. g3 Ng5 40. Bg2 Rxf1+ 41.
Kxf1 c6 42. Nf4 Qb1+ 43. Re1 Qb3 44. Nh5 Kc7 45. Nf6 Rg6 46. h4 Nf7 47. Kg1 Bc8
48. Rf1 Kb8 49. bxc6 Qxa4 50. c7+ Ka7 51. Nxd5 exd5 52. Rxf7 Qd1+ 53. Kh2 Qc2
54. Qf3 1-0

[Event "18th Neckar Open 2014"]
[Site "Deizisau GER"]
[Date "2014.04.18"]
[Round "2.8"]
[White "Huesmann, Thomas"]
[Black "Kunin, Vitaly"]
[Result "0-1"]
[WhiteTitle "FM"]
[BlackTitle "GM"]
[WhiteElo "2217"]
[BlackElo "2554"]
[WhiteFideId "200441"]
[BlackFideId "4128737"]
[EventDate "2014.04.17"]

1. e4 c5 2. c3 Nf6 3. e5 Nd5 4. d4 cxd4 5. cxd4 e6 6. Nf3 b6 7. Nc3 Nxc3 8. bxc3
Qc7 9. Bd2 d6 10. Bd3 Nd7 11. Qe2 Bb7 12. O-O Be7 13. Rac1 Rc8 14. exd6 Bxd6 15.
h3 O-O 16. Rfe1 h6 17. Ne5 Bxe5 18. dxe5 Rfd8 19. Bf4 Nc5 20. Bb1 f5 21. Be3 Na4
22. Qh5 Qf7 23. Qxf7+ Kxf7 24. Bd4 Rc7 25. f4 Rdc8 26. Re3 Rc4 27. Rd1 Bd5 28.
Kf2 g6 29. Re2 Nxc3 30. Bxc3 Rxf4+ 0-1

[Event "18th Neckar Open 2014"]
[Site "Deizisau GER"]
[Date "2014.04.18"]
[Round "2.9"]
[White "Brunello, Sabino"]
[Black "Sucher, Johannes"]
[Result "1-0"]
[WhiteTitle "GM"]
[WhiteElo "2575"]
[BlackElo "2207"]
[WhiteFideId "813613"]
[BlackFideId "1603906"]
[EventDate "2014.04.17"]

1. c4 c6 2. Nf3 Nf6 3. b3 d5 4. Bb2 Bf5 5. d3 e6 6. Nbd2 h6 7. g3 Bc5 8. Bg2 O-O
9. O-O Nbd7 10. Rc1 Rc8 11. Rc2 b5 12. Qa1 Qb6 13. Bd4 Rc7 14. Rfc1 Rfc8 15. b4
Bxd4 16. Nxd4 bxc4 17. Nxf5 exf5 18. dxc4 Ne4 19. Nxe4 dxe4 20. Qc3 Rb8 21. a3
a5 22. Rb1 Rcb7 23. g4 e3 24. fxe3 fxg4 25. b5 Rc7 26. c5 Qa7 27. b6 Qa6 28. Rd1
Nxb6 29. cxb6 Qxb6 30. Qc5 Qb3 31. Rcd2 Rb5 32. Rd8+ Kh7 33. Be4+ 1-0

[Event "18th Neckar Open 2014"]
[Site "Deizisau GER"]
[Date "2014.04.18"]
[Round "2.10"]
[White "Nilsson, Anders 1976"]
[Black "Epishin, Vladimir"]
[Result "0-1"]
[BlackTitle "GM"]
[WhiteElo "2216"]
[BlackElo "2546"]
[WhiteFideId "1705423"]
[BlackFideId "4162714"]
[EventDate "2014.04.17"]

1. d4 Nf6 2. c4 b6 3. Nc3 Bb7 4. e3 g6 5. Nge2 Bg7 6. Ng3 d5 7. cxd5 Nxd5 8.
Bb5+ c6 9. Bc4 e6 10. O-O O-O 11. Qb3 Nd7 12. Rd1 Qh4 13. Bd2 Rfd8 14. Rac1 N5f6
15. Be2 c5 16. Nb5 cxd4 17. Nxd4 Nc5 18. Qa3 a5 19. Rc4 Ng4 20. Nf3 Bxf3 21.
Bxf3 Qxh2+ 22. Kf1 Ne5 23. Rf4 Nxf3 24. gxf3 Nd3 25. Bc1 0-1

[Event "18th Neckar Open 2014"]
[Site "Deizisau GER"]
[Date "2014.04.18"]
[Round "2.11"]
[White "Bluebaum, Matthias"]
[Black "Dijkhuis, Tycho"]
[Result "1/2-1/2"]
[WhiteTitle "IM"]
[WhiteElo "2525"]
[BlackElo "2204"]
[WhiteFideId "24651516"]
[BlackFideId "1036564"]
[EventDate "2014.04.17"]

1. Nf3 Nf6 2. c4 c5 3. d4 cxd4 4. Nxd4 g6 5. Nc3 d5 6. cxd5 Nxd5 7. Ndb5 Nxc3 8.
Qxd8+ Kxd8 9. Nxc3 Bg7 10. Bd2 Be6 11. g3 Nc6 12. Bg2 Ke8 13. O-O Rd8 14. Rfd1
f5 15. Na4 Kf7 16. Bc3 Bxc3 17. Nxc3 Rxd1+ 18. Rxd1 Rc8 19. Bxc6 Rxc6 20. f4 a6
21. Kf2 b5 22. Rd4 Bc4 23. a3 a5 24. Ke1 b4 25. axb4 axb4 26. Nd1 b3 27. Nc3 Kf6
28. Rd7 Be6 29. Rb7 Ra6 30. Kd2 Rd6+ 31. Ke3 Ra6 32. Kd2 Rd6+ 33. Ke3 Ra6 34.
Nd1 Bc4 35. Kd2 Rd6+ 36. Ke1 Bd5 37. Rb4 e5 38. Ne3 Be6 39. fxe5+ Kxe5 40. Nc4+
Bxc4 41. Rxc4 g5 42. h4 Kd5 43. Rb4 gxh4 44. Rxh4 Rg6 45. Kf2 Kc5 46. Rh5 Ra6
47. Rxf5+ Kc4 48. Rf4+ Kc5 49. Rf3 Kc4 50. Rd3 Ra1 51. Rd2 h5 52. e3 Rc1 53.
Rd4+ Kc5 54. Ke2 Rg1 55. Kf3 Rf1+ 56. Ke2 Rg1 57. Kf2 Rc1 58. Rd2 Kc4 59. Kf3
Rf1+ 60. Ke2 Rg1 61. Rd4+ Kc5 62. Kd3 Rxg3 63. Rh4 Rg5 64. Kc3 Re5 65. Rh3 Kd5
66. Kd3 Rg5 67. Rh4 Ke5 68. Rb4 Kf5 69. Rf4+ Ke5 70. Rf8 Rg2 71. Kc3 Ke4 72.
Kxb3 Kxe3 73. Kc3 h4 74. b4 h3 75. Rh8 Rg3 76. Kc4 Kf2 77. b5 Kg2 78. b6 Rg7 79.
Kc5 h2 1/2-1/2

[Event "18th Neckar Open 2014"]
[Site "Deizisau GER"]
[Date "2014.04.18"]
[Round "2.12"]
[White "Bezler, Rainer"]
[Black "Heimann, Andreas"]
[Result "1/2-1/2"]
[BlackTitle "IM"]
[WhiteElo "2206"]
[BlackElo "2522"]
[WhiteFideId "1606360"]
[BlackFideId "24624632"]
[EventDate "2014.04.17"]

1. d4 Nf6 2. c4 g6 3. Nf3 Bg7 4. Nc3 d5 5. g3 O-O 6. Bg2 dxc4 7. O-O Nc6 8. d5
Na5 9. Qa4 c6 10. dxc6 Nxc6 11. Qxc4 Be6 12. Qb5 Qc8 13. Rd1 a6 14. Qc5 h6 15.
Be3 Ng4 16. Nd4 Nxe3 17. Nxc6 bxc6 18. Qxe3 Rb8 19. b3 Rd8 20. Rxd8+ Qxd8 21.
Rd1 Qa5 22. Na4 Rd8 23. Rxd8+ Qxd8 24. Bxc6 Qd1+ 25. Kg2 Qc2 26. Nc5 Bf5 27. Bf3
a5 28. a3 Qc3 29. Qxc3 Bxc3 30. Bd5 Bb2 31. e4 Bc8 32. a4 Ba3 33. Nd3 e6 34. Bc4
Kf8 35. g4 Bb7 36. f3 Ke7 37. Kg3 Bd6+ 38. Kg2 g5 39. h3 Bc6 40. Kf2 Bb7 41. Ke3
Ba3 42. Kd4 Kd6 43. Kc3 f5 44. gxf5 exf5 45. exf5 Ke7 46. b4 axb4+ 47. Kd4 Bxf3
48. a5 b3 49. Bxb3 Kd6 50. f6 Kc7 51. Bd5 Bh5 52. f7 g4 53. hxg4 Bxg4 54. Nc5
Bb2+ 55. Ke4 Bg7 56. Be6 Bh5 57. Kf5 Kc6 58. Ne4 Kb5 59. Ng3 Bxf7 60. Bxf7 Kxa5 1/2-1/2